Państwa o wyższym wskaźniku rozwoju społecznego od Polski - Statystyki

Ogólne statystyki
  • Ten quiz został rozwiązany 42 razy
  • Średni wynik to 26 z 32
Statystyki odpowiedzi
Wskaźnik Państwo % Poprawnych
0.936 Kanada
100%
0.921 Stany Zjednoczone
100%
0.889 Czechy
94%
0.942 Niemcy
94%
0.951 Australia
91%
0.905 Hiszpania
91%
0.925 Japonia
91%
0.961 Norwegia
91%
0.947 Szwecja
91%
0.916 Austria
88%
0.903 Francja
88%
0.941 Holandia
88%
0.962 Szwajcaria
88%
0.929 Wielka Brytania
88%
0.895 Włochy
88%
0.937 Belgia
85%
0.948 Dania
85%
0.945 Irlandia
85%
0.925 Korea Południowa
85%
0.940 Finlandia
82%
0.959 Islandia
82%
0.937 Nowa Zelandia
82%
0.935 Liechtenstein
79%
0.930 Luksemburg
79%
0.887 Grecja
76%
0.919 Izrael
68%
0.918 Słowenia
68%
0.918 Malta
65%
0.939 Singapur
65%
0.890 Estonia
62%
0.896 Cypr
56%
0.911 Zjednoczone Emiraty Arabskie
56%
Nie znaleziono quizów pasujących do podanych kryteriów
Rozkład punktacji
Procent ludzi z każdym wynikiem
Percentyl według liczby udzielonych odpowiedzi
Twoja historia wyników
Nie rozwiązałeś tego quizu